| 000 | 00827cam a2200289 a 4500 | ||
|---|---|---|---|
| 999 |
_c2900 _d2900 |
||
| 001 | 013162265 | ||
| 003 | UkOxU | ||
| 005 | 20230911105107.0 | ||
| 008 | 970612s1998 enk 000 0 eng d | ||
| 015 | _aGB 98-Z9687 | ||
| 020 | _a0413695506 | ||
| 020 | _a9780413695505 | ||
| 035 | _aBNB2485.1279 | ||
| 035 | _a(UkOxU)UkOxUw10415534 | ||
| 035 | _a(OCoLC)39606492 | ||
| 040 |
_aBDS _cKH8 |
||
| 082 | 0 |
_a822 WOL _221 |
|
| 100 | 1 |
_aSoyinka, Wole, _eauthor. |
|
| 245 | 1 | 0 |
_aDeath and the king's horseman / _cWole Soyinka ; with commentary and notes by Jane Plastow. |
| 260 |
_aLondon : _bMethuen, _c1998. |
||
| 300 |
_axliii, 89 p. ; _c19 cm. |
||
| 650 | 0 | _aPolitical plays. | |
| 651 | 0 |
_aNigeria _xSocial life and customs _xDrama. |
|
| 700 | 1 | _aPlastow, Jane. | |
| 830 | 0 | _aMethuen student editions. | |
| 942 |
_2ddc _cTR |
||